Từ điển điện tử - tin học Anh - Việt Khoảng 28.000 thuật ngữ

Guardado en:
Detalles Bibliográficos
Autor principal: Phạm, Văn Bảy
Formato: Libro
Lenguaje:English
Vietnamese
Publicado: Hà Nội Khoa học và kỹ thuật 1995
Materias:
Etiquetas: Agregar Etiqueta
Sin Etiquetas, Sea el primero en etiquetar este registro!
Thư viện lưu trữ: Trung tâm Học liệu Lê Vũ Hùng, Trường Đại học Đồng Tháp
LEADER 00785pam a22002418a 4500
001 00041599
008 170505s1996 ||||||engsd
005 20180615090622.0
020 # # |c 30000 
041 0 # |a vie 
082 0 4 |a 621.303  |b T550Đ 
100 1 # |a Phạm, Văn Bảy 
245 1 0 |b Khoảng 28.000 thuật ngữ  |a Từ điển điện tử - tin học Anh - Việt  |c Phạm Văn Bảy 
260 # # |b Khoa học và kỹ thuật  |c 1995  |a Hà Nội 
300 # # |a 493 tr.  |c 21 cm. 
653 # # |a Tin học 
653 # # |a Tiếng Anh 
653 # # |a Tiếng Việt 
653 # # |a Từ điển 
653 # # |a Điện tử 
852 # # |j KD.0023805 
910 |d 15/06/2018 
980 # # |a Trung tâm Học liệu Lê Vũ Hùng, Trường Đại học Đồng Tháp